LEADER 00899oam 2200301zu 450 001 996211378803316 005 20210807003601.0 035 $a(CKB)111026746748720 035 $a(SSID)ssj0000827934 035 $a(PQKBManifestationID)12407603 035 $a(PQKBTitleCode)TC0000827934 035 $a(PQKBWorkID)10830721 035 $a(PQKB)10567804 035 $a(EXLCZ)99111026746748720 100 $a20160829d1998 uy 101 0 $aeng 181 $ctxt 182 $cc 183 $acr 200 10$aInternational Conference on Computer Design 210 31$a[Place of publication not identified]$cIEEE Computer Society Press$d1998 300 $aBibliographic Level Mode of Issuance: Monograph 311 $a0-8186-9099-2 801 0$bPQKB 906 $aPROCEEDING 912 $a996211378803316 996 $aInternational Conference on Computer Design$92332543 997 $aUNISA LEADER 01922oam 2200541 450 001 9910712190903321 005 20190419094050.0 035 $a(CKB)5470000002490199 035 $a(OCoLC)1048000153$z(OCoLC)839899276 035 $a(EXLCZ)995470000002490199 100 $a20180807d1958 ua 0 101 0 $aeng 135 $aur||||||||||| 181 $ctxt$2rdacontent 182 $cc$2rdamedia 183 $acr$2rdacarrier 200 10$aSurface water supply of the United States, 1956$hPart 2-A$iSouth Atlantic slope basins, James River to Savannah River /$fprepared under the direction of J.V.B. Wells 210 1$a[Washington, D.C.] :$cUnited States Department of the Interior, Geological Survey,$d1958. 210 2$aWashington :$cUnited States Government Printing Office. 215 $a1 online resource (viii, 341 pages) $cillustrations, maps 225 1 $aGeological Survey water-supply paper ;$v1433 300 $a"Prepared in cooperation with the States of Georgia, North Carolina, South Carolina, and Virginia, and with other agencies." 300 $aIncludes index. 606 $aWater-supply$zSouth Atlantic States 606 $aStream measurements$zSouth Atlantic States 606 $aStream measurements$2fast 606 $aWater-supply$2fast 607 $aUnited States$zAtlantic States$2fast 615 0$aWater-supply 615 0$aStream measurements 615 7$aStream measurements. 615 7$aWater-supply. 700 $aWells$b J. V. B.$01385991 712 02$aGeological Survey (U.S.), 712 02$aGeorgia. 712 02$aNorth Carolina. 712 02$aSouth Carolina. 712 02$aVirginia. 801 0$bCOP 801 1$bCOP 801 2$bIUA 801 2$bOCLCF 801 2$bOCLCO 801 2$bGPO 906 $aBOOK 912 $a9910712190903321 996 $aSurface water supply of the United States, 1956$93440006 997 $aUNINA